<?xml version="1.0" encoding="UTF-8"?>
<record
    xmlns:xsi="http://www.w3.org/2001/XMLSchema-instance"
    xsi:schemaLocation="http://www.loc.gov/MARC21/slim http://www.loc.gov/standards/marcxml/schema/MARC21slim.xsd"
    xmlns="http://www.loc.gov/MARC21/slim">

  <leader>00852nam a2200145   4500</leader>
  <controlfield tag="008">861.728.6 Ch512p</controlfield>
  <datafield tag="020" ind1=" " ind2=" ">
    <subfield code="a">9789930966280</subfield>
  </datafield>
  <datafield tag="082" ind1=" " ind2=" ">
    <subfield code="a">861.728.6</subfield>
    <subfield code="b">Ch512p</subfield>
  </datafield>
  <datafield tag="100" ind1=" " ind2=" ">
    <subfield code="a">Chaves, G.A. (edici&#xF3;n)</subfield>
    <subfield code="9">7150</subfield>
  </datafield>
  <datafield tag="245" ind1=" " ind2=" ">
    <subfield code="a">Para un siglo con c&#xE9;dula:</subfield>
    <subfield code="b">18 a&#xF1;os de poes&#xED;a Perro Azul </subfield>
  </datafield>
  <datafield tag="260" ind1=" " ind2=" ">
    <subfield code="a">San Jos&#xE9;, Costa Rica</subfield>
    <subfield code="b">Ediciones Perro Azul </subfield>
    <subfield code="c">2019</subfield>
  </datafield>
  <datafield tag="300" ind1=" " ind2=" ">
    <subfield code="a">148 p.</subfield>
    <subfield code="c">14 x 21 cm </subfield>
  </datafield>
  <datafield tag="505" ind1=" " ind2=" ">
    <subfield code="t">Pr&#xF3;logo: DOS PERROS</subfield>
    <subfield code="r">Clara Astiasar&#xE1;n</subfield>
    <subfield code="t">1. Para un siglo con c&#xE9;dula: Historia personal de Perro Azul </subfield>
    <subfield code="t">2. M&#xED;nima prehistoria andariega (1999)</subfield>
    <subfield code="t">3. sin palabras de otros / sin palabras m&#xED;as (2000 - 2005)</subfield>
    <subfield code="t">4. Variaciones en torno a la carpinter&#xED;a de las cosas (2006 - 2010)</subfield>
    <subfield code="t">5. El oficio de alejarse: Los a&#xF1;os en par&#xE9;ntesis (2011 - 2014)</subfield>
    <subfield code="t">6. El perro que regresa (2015 - 2018)</subfield>
  </datafield>
  <datafield tag="650" ind1=" " ind2=" ">
    <subfield code="x">literatura</subfield>
    <subfield code="x">poes&#xED;a</subfield>
    <subfield code="x">Costa Rica</subfield>
    <subfield code="x">poes&#xED;a costarricense s. XXI</subfield>
    <subfield code="9">7151</subfield>
  </datafield>
  <datafield tag="999" ind1=" " ind2=" ">
    <subfield code="c">1837</subfield>
    <subfield code="d">1837</subfield>
  </datafield>
  <datafield tag="952" ind1=" " ind2=" ">
    <subfield code="0">0</subfield>
    <subfield code="1">0</subfield>
    <subfield code="2">ddc</subfield>
    <subfield code="4">0</subfield>
    <subfield code="7">0</subfield>
    <subfield code="a">LV</subfield>
    <subfield code="b">LV</subfield>
    <subfield code="c">Literatura</subfield>
    <subfield code="d">2019-08-28</subfield>
    <subfield code="l">0</subfield>
    <subfield code="o">861.728.6 Ch512p</subfield>
    <subfield code="p">004835</subfield>
    <subfield code="r">2019-08-28 00:00:00</subfield>
    <subfield code="w">2019-08-28</subfield>
    <subfield code="y">01</subfield>
  </datafield>
</record>
